Termodinámica para químicos /
Guardado en:
| Autor Principal: | |
|---|---|
| Otros Autores: | |
| Formato: | Libro |
| Idioma: | Spanish English |
| Publicado: |
Madrid :
Aguilar,
1972.
|
| Edición: | [5a. ed., 3a. reimp.]. |
| Series: | Ciencia y Técnica. Sección física
|
| Materias: | |
| Etiquetas: |
Agregar Etiqueta
Sin Etiquetas, Sea el primero en etiquetar este registro!
|
| LEADER | 00854nam a22002415a 4500 | ||
|---|---|---|---|
| 001 | EIQ.libpla002974 | ||
| 008 | 070926s1972####sp############001#0#spa#d | ||
| 005 | 20070926190305.0 | ||
| 245 | 1 | 0 | |a Termodinámica para químicos / |c Samuel Glasstone ; versión española de Juan Sancho Gómez. |
| 250 | |a [5a. ed., 3a. reimp.]. | ||
| 260 | |a Madrid : |b Aguilar, |c 1972. | ||
| 300 | |a XV, 637 p. : |b grafs. ; |c 22 cm. | ||
| 440 | 0 | |a Ciencia y Técnica. |p Sección física | |
| 500 | |a Título original: Thermodynamics for chemists. | ||
| 500 | |a Incluye índices. | ||
| 020 | |a 8403200595 | ||
| 100 | 1 | |a Glasstone, Samuel, |d 1897- | |
| 700 | 1 | |a Gómez, Juan Sancho, |e tr. |4 trl | |
| 650 | 4 | |a Procesos |x Termodinámica. | |
| 650 | 4 | |a Processes |x Termodynamics. | |
| 040 | |a AR-BBSID |b spa |c AR-BBSID | ||
| 041 | 1 | |a spa |h eng | |
| 859 | |a AR-BbSID |b BIB. PLAPIQUI |h 660.296 9 |i G 46 |p 3134 | ||
